00664nam a2200169 a 4500008004100000100002300041245017800064260002900242300003600271500003100307504004100338650002400379700006400403003000100467005001700468040000900485 1 aMagama, Tsungai P. 0aAdoption and use of social media tools for information services by the Bindura University of Science Education (BUSE) library nd undergraduates students/cTsungai P. Magama. aBulawayo :bNUST,c2017. axviii, 140 p. :bill. ;c30 cm. aThesis (MSc)---NUST, 2017. aIncludes bibliographic references.  asocial media tools. aNUST. bDept. of Library and Information Science. tThesis.20230123141108.0 cNUST